000 00518 a2200169 4500
003 OSt
005 20250610094245.0
008 250530b |||||||| |||| 00| 0 eng d
020 _a9789355323675
040 _coclc
082 _a658.3
_bASW/H
100 _aAswathappa, K
_91369
245 _aHuman Resource Management :
_bText and cases /
_cK Aswathappa, Sadhna Dash
260 _bMc Graw Hill Education,
_aIndia:
_c2023.
300 _a764 pages
942 _2ddc
_cBK
_h658.3
_iASW/H
_k658.3
_mASW/H
999 _c44468
_d44468